000 01006nam a2200313Ia 4500
001 Para_101
003 CHAP
008 220125s1983 xx 000 0 und d
010 _a198825
040 _cCHAP
090 _aPA FOLLETO 3068
100 _aHerrera Andrade, Jose Luis
_954823
245 _aRumorosa 82 :
_b nueva variedad de cebada para el Valle de Mexicali /
_c por Jose Luis Herrera Andrade y Manuel Navarro Franco
260 _aMexicali, B.C. :
_b INIA. Campo Agrícola Experimental Valle de Méxicali
300 _a16 p.
410 _aFolleto tecnico; 1
650 _aCebada Maltera
650 _aCebada
_xCalifornia
_9164126
700 _a
700 _aI. Navarro Franco, Manuel
_9164127
710 _aII. INIA. México. Campo Agrícola Experimental Valle de Méxicali
_9164128
901 _aPA FOLLETO 3068
902 _aA
905 _a0000001983 a 0000000000 00
910 _a1983
942 _cPARA
942 _cPARA
_d1
999 _c198825
_d198825